Havarijné poistenie v SR - vývoj, trend, trh a budúcnosť bakalárska práca

Gespeichert in:
Bibliographische Detailangaben
1. Verfasser: Hubačová, Zuzana
Körperschaft: Národohospodárska fakulta EU. Katedra poisťovníctva
Weitere Verfasser: Drugdová, Barbora
Format: Buch
Sprache:Slowakisch
Veröffentlicht: Bratislava 2010
Tags: Tag hinzufügen
Keine Tags, Fügen Sie das erste Tag hinzu!

MARC

LEADER 00000nam$a2200000$$$4500
001 0129270
005 20160627120506.9
041 0 |a slo 
044 |a SK 
245 1 0 |a Havarijné poistenie v SR - vývoj, trend, trh a budúcnosť  |b bakalárska práca  |c Zuzana Hubačová ; škol. Barbora Drugdová 
264 1 |a Bratislava  |c 2010 
300 |a 33 s. 
100 1 |a Hubačová, Zuzana 
700 1 |a Drugdová, Barbora 
710 2 |a Národohospodárska fakulta EU. Katedra poisťovníctva